ბათუმის შოთა რუსთაველის სახელმწიფო უნივერსიტეტის ბიბლიოთეკა

ოქსიდაციური სტრესის როლი ღვიძლის არაალკოჰოლური ცხიმოვანი დაავადებების პათოგენეზში პოსტმენოპაუზური ასაკის ქალებში / (ბიბ.ჩანაწერი № 51800)

000 -ლიდერი
ფიქსირებული სიგრძის საკონტროლო ველი 01947nam a2200253Ia 4500
001 - საკონტროლო ნომერი
საკონტროლო ველი 18795
003 - საკონტროლო ნომრის იდენტიფიკატორი
საკონტროლო ველი GE_BSU
005 - ბოლო ოპერაციის თარიღი და დრო
საკონტროლო ველი 20210415122703.0
008 - ფიქსირებული სიგრძის მონაცემთა ელემენტები - ზოგადი ინფორმაცია
ფიქსირებული სიგრძის საკონტროლო ველი 181216s||||||||ge |||||||||||||| ||geo||
040 ## - კატალოგიზაციის წყარო
Transcribing agency GE_BSU
041 ## - ენის კოდი
Language code of text/sound track or separate title geo
080 ## - უნივერსალური ათობითი კლასიფიკაციის ინდექსი
Universal Decimal Classification number 61 ფ-29
100 ## - მთავარი ჩანაწერი - პიროვნების სახელი
Personal name ფარქოსაძე, გიორგი
9 (RLIN) 11378
245 ## - ცნობა სათაურის შესახებ
Title ოქსიდაციური სტრესის როლი ღვიძლის არაალკოჰოლური ცხიმოვანი დაავადებების პათოგენეზში პოსტმენოპაუზური ასაკის ქალებში /
Statement of responsibility, etc გიორგი ფარქოსაძე; სამეცნიერო ხელმძღვანელები : მაია სულაქველიძე, თამარ სანიკიძე; თბილისის სახელმწიფო სამედიცინო უნივერსიტეტი.
264 ## - წარმოების, გამოცემის, დისტრიბუციის და სხვა ცნობები
გამოცემის, წარმოების, დისტრიბუციის... ადგილი თბილისი,
გამოცემის, წარმოების, დისტრიბუციის... თარიღი 2014.
300 ## - ფიზიკური აღწერა
Extent 169 გვ.;
Other physical details 30 სმ.
653 ## - INDEX TERM--UNCONTROLLED
Uncontrolled term დისერტაცია
653 ## - INDEX TERM--UNCONTROLLED
Uncontrolled term მედიცინა
653 ## - INDEX TERM--UNCONTROLLED
Uncontrolled term ოქსიდაციური სტრესის როლი ღვიძლის არაალკოჰოლური ცხიმოვანი დაავადებების პათოგენეზში პოსტმენოპაუზური ასაკის ქალებში
700 ## - ADDED ENTRY--PERSONAL NAME
Personal name სულაქველიძე, მაია
Relator term სამეცნიერო ხელმძღვანელი
9 (RLIN) 6367
700 ## - ADDED ENTRY--PERSONAL NAME
Personal name სანიკიძე, თამარ
Relator term სამეცნიერო ხელმძღვანელი
9 (RLIN) 11300
710 ## - ADDED ENTRY--CORPORATE NAME
Corporate name or jurisdiction name as entry element თბილისის სახელმწიფო სამედიცინო უნივერსიტეტი
9 (RLIN) 11379
942 ## - ADDED ENTRY ELEMENTS (KOHA)
Koha item type წიგნი
Source of classification or shelving scheme
ეგზემპლარები
ჩამოწერის სტატუსი დაკარგული ეგზემპლარის სტატუსი კლასიფიკაციის წყარო ან თაროზე გაწყობის სქემა დაზიანების სტატუსი არ გაიცემა მუდმივი მდებარეობა (დაცვის ადგილი) ამჟამინდელი ადგილსამყოფელი თაროზე განთავსების ადგილი შეძენის თარიღი სრული შენახვის შიფრი შტრიხკოდი ბოლო ოპერაციის თარიღი ეგზემპლარის მიმდევრობითი ნომერი (კეტერი?) ფასის ძალაში შესვლის თარიღი ეგზემპლარის სახეობა
          ბათუმის შოთა რუსთაველის სახელმწიფო უნივერსიტეტის მთავარი ბიბლიოთეკა ბათუმის შოთა რუსთაველის სახელმწიფო უნივერსიტეტის მთავარი ბიბლიოთეკა წიგნსაცავი 2018-12-17 61 ფ-29 191 დისერტ. 2018-12-17 191 2018-12-17 დისერტაცია